000
00257nam a2200097Ia 4500
001
1300236
005
20260420095900.0
008
260420s9999 xx 000 0 und d
245
0
_a
MEVLANA'YLA BİR GÜN
_c
MUSTAFA ORAKÇI
260
_b
TİMAŞ ÇOCUK YAYINLARI
999
_c
1300236
_d
1300236